000 01081nam a2200253Ia 4500
005 20250622124037.0
008 250617s9999||||xx |||||||||||||| ||ara||
017 _a2024/32742
_bمصر. دار الكتب
020 _a9789778995691
082 0 4 _a"371,33"
_bت م
100 0 _aتامر المغاورى الملاح
245 1 0 _aمنهجيات رقمية :
_bبين التعليم والتدريس والتدريب /
_c"إعداد تامر المغاورى الملاح ، تسنيم داوود الإمام"
250 _aط1
260 3 _aالقاهرة :
_b"المركز الأكاديمى العربى للنشر والتوزيع،"
_c2025.
300 _a732ص ؛
_b
_c24سم.
650 _aالتخطيط التربوى
650 _aالتعليم
_x أغراضه وأهدافه
650 _aالتعليم
_x مناهج
650 _aالتعليم
_x وسائل سمعية وبصرية
650 _aتكنولوجيا التعليم
700 0 _aتسنيم داوود الإمام
_e معد مشارك
942 _cBK
999 _c67668
_d67668